LEADER 01012nam0-2200373---450- 001 990009438100403321 005 20130208122217.0 010 $a0721610137 035 $a000943810 035 $aFED01000943810 035 $a(Aleph)000943810FED01 035 $a000943810 100 $a20110930d1986----km-y0itay50------ba 101 0 $aeng 102 $aUS 105 $aa-------001yy 200 1 $aZoo & wild animal medicine$feditor Murray E. Fowler 205 $a2nd ed. 210 $aPhiladelphia$cSaunders$d1986 215 $aXXIV, 1127 p.$cill.$d27 cm 517 1 $aZoo and wild animal medicine 610 0 $aVeterinaria 610 0 $aAnimali Selvatici$aMedicina Veterinaria 676 $a636.089$v19 702 1$aFowler,$bMurray E. 801 0$aIT$bUNINA$gRICA$2UNIMARC 901 $aBK 912 $a990009438100403321 952 $a44 D 25$bs.i.$fDMVAP 952 $a59.1-6$b141$fDMVBF 959 $aDMVAP 959 $aDMVBF 996 $aZoo & wild animal medicine$9760813 997 $aUNINA LEADER 00752nam0-22002891i-450- 001 990002556530403321 035 $a000255653 035 $aFED01000255653 035 $a(Aleph)000255653FED01 035 $a000255653 100 $a20000920d1968----km-y0itay50------ba 101 0 $aENG 200 1 $aProbability$fSeymour Lipschutz. 210 $aNew York$cMcGraw-Hill$d1968. 215 $a153 p.$d28 cm 300 $a500 solved problems 610 0 $aLibri di testo ed eserciziari 676 $a510 700 1$aLipschutz,$bSeymour$01221 801 0$aIT$bUNINA$gRICA$2UNIMARC 901 $aBK 912 $a990002556530403321 952 $aMXXVII-A-227$b1807$fMAS 959 $aMAS 996 $aProbability$929045 997 $aUNINA DB $aING01